Southville International School and Colleges
Your cart is empty.
  • Cart
  • Lists
    Public lists Eva Luna New books Lux_list list_1
    Your lists Log in to create your own lists
  • Log in to your account
  • Your cookies
  • Search history
Southville International School and Colleges
  • Advanced search
  • Recent comments
  • Most popular
  • Libraries

Log in to your account

Log in with GOOGLE


If you do not have an external account, but do have a local account, you can still log in:

  1. Home
  2. MARC view: APA concise dictionary of psychology /
Normal view MARC view ISBD view

APA concise dictionary of psychology / (Record no. 23699)

[ view plain ]
MARC details
000 -LEADER
fixed length control field 00581nam a2200193 a 4500
003 - CONTROL NUMBER IDENTIFIER
control field PILC
005 - DATE AND TIME OF LATEST TRANSACTION
control field 20160205153207.0
008 - FIXED-LENGTH DATA ELEMENTS--GENERAL INFORMATION
fixed length control field 091127s19uu xx 00 eng d
020 ## - INTERNATIONAL STANDARD BOOK NUMBER
International Standard Book Number 97814338-03918
050 ## - LIBRARY OF CONGRESS CALL NUMBER
Classification number BF 31
Item number .Ap65 2009
110 ## - MAIN ENTRY--CORPORATE NAME
Corporate name or jurisdiction name as entry element American Psychological Association.
245 ## - TITLE STATEMENT
Title APA concise dictionary of psychology /
260 ## - PUBLICATION, DISTRIBUTION, ETC. (IMPRINT)
Place of publication, distribution, etc Washington, D.C :
Name of publisher, distributor, etc American Psychological Association,
Date of publication, distribution, etc 2009.
300 ## - PHYSICAL DESCRIPTION
Extent 583 pages ;
Dimensions 24 cm.
650 ## - SUBJECT ADDED ENTRY--TOPICAL TERM
Topical term or geographic name as entry element Psychology
General subdivision Dictionaries.
650 ## - SUBJECT ADDED ENTRY--TOPICAL TERM
Topical term or geographic name as entry element APA dictionary of psychology.
942 ## - ADDED ENTRY ELEMENTS (KOHA)
Koha item type Books
Source of classification or shelving scheme Library of Congress Classification
Call number prefix Foreign
Holdings
Withdrawn status Lost status Source of classification or shelving scheme Damaged status Home library Current library Shelving location Date acquired Source of acquisition Total Checkouts Total Renewals Full call number Barcode Date last seen Date checked out Copy number Price effective from Koha item type
    Library of Congress Classification   College Library College Library General Circulation Section 11/27/2009 Library Fund 3 4 BF 31 .Ap65 2009 C10780 10/04/2018 09/11/2018 1 03/10/2014 Books

APA concise dictionary of psychology /

APA

American Psychological Association, . (2009). APA concise dictionary of psychology. Washington, D.C: American Psychological Association.

Chicago

American Psychological Association, . 2009. APA concise dictionary of psychology. Washington, D.C: American Psychological Association.

Harvard

American Psychological Association, . (2009). APA concise dictionary of psychology. Washington, D.C: American Psychological Association.

MLA

American Psychological Association, . APA concise dictionary of psychology. Washington, D.C: American Psychological Association. 2009.

  • Place hold
  • Print
  • Cite
  • Add to your cart (remove)
  • Save record
    BIBTEX Dublin Core MARCXML MARC (non-Unicode/MARC-8) MARC (Unicode/UTF-8) MARC (Unicode/UTF-8, Standard) MODS (XML) RIS
  • More searches
    Search for this title in:
    Other Libraries (WorldCat) Other Databases (Google Scholar) Online Stores (Bookfinder.com) Open Library (openlibrary.org)

Exporting to Dublin Core...

SOUTHVILLE LIBRARY

Southville International School and Colleges Library

1281 Tropical Ave. Cor. Luxembourg St., BF Homes International, Las Pinas City

Tel. No. 8256374 / 252358 Loc. 117/146

Powered by Koha